Regulace jakosti výrobků při kontrole měřením

Guardado en:
Detalles Bibliográficos
Formato: Libro
Lenguaje:checo
Publicado: Praha Průmyslové vydavatelství 1950
Etiquetas: Agregar Etiqueta
Sin Etiquetas, Sea el primero en etiquetar este registro!

MARC

LEADER 00000nam a2200000 4500
001 0308864
005 20250604104437.7
041 0 |a cze 
044 |a CZ 
245 1 0 |a Regulace jakosti výrobků při kontrole měřením  |c Jan Uchytil 
264 1 |a Praha  |b Průmyslové vydavatelství  |c 1950